| 000 | 00483nam a2200181Ia 4500 | ||
|---|---|---|---|
| 001 | 22807 | ||
| 005 | 20260414150855.0 | ||
| 008 | 260414t2016||||xx |||||||||||||| ||spa|| | ||
| 041 | _aESP | ||
| 082 |
_a624.1 _bY49 |
||
| 100 |
_aYepes Piqueras, Víctor _eAUT |
||
| 245 | 0 |
_aProcedimientos de construcción de cimentaciones y estructuras de contención _b |
|
| 260 | _c2016 | ||
| 300 |
_avii, 202 páginas : _c24 cm. |
||
| 650 | _a0 | ||
| 654 | _aCIC | ||
| 942 |
_cLIB _dJUS _fJUS _2ddc _n |
||
| 999 |
_c22807 _d22807 |
||